Limitations of social research (Record no. 416444)

000 -LEADER
fixed length control field 00364cam a22001337a 4500
008 - FIXED-LENGTH DATA ELEMENTS--GENERAL INFORMATION
fixed length control field 180718b1972 xxu||||| |||| 00| 0 eng d
020 ## - INTERNATIONAL STANDARD BOOK NUMBER
International Standard Book Number 0582 48049 3
082 ## - DEWEY DECIMAL CLASSIFICATION NUMBER
Classification number B084 Sh64
100 ## - MAIN ENTRY--PERSONAL NAME
Personal name Shipman, M.D.
245 ## - TITLE STATEMENT
Title Limitations of social research
Statement of responsibility, etc. by M.D. Shipman
260 ## - PUBLICATION, DISTRIBUTION, ETC.
Place of publication, distribution, etc. London
Name of publisher, distributor, etc. Longman
Date of publication, distribution, etc. 1972
300 ## - PHYSICAL DESCRIPTION
Extent xi, 195p
650 ## - SUBJECT ADDED ENTRY--TOPICAL TERM
Topical term or geographic name entry element Social sciences -Research.
Holdings
Withdrawn status Lost status Damaged status Not for loan Permanent Location Current Location Date acquired Full call number Barcode Date last seen Price effective from Koha item type
        Indian Institute of Public Administration Indian Institute of Public Administration 2009-03-17 B084 Sh64 48456 2018-07-21 2018-07-21 Book

Powered by Koha